| 000 | 00898nam a2200205 i 4500 | ||
|---|---|---|---|
| 001 | 22286 | ||
| 003 | ES-MaACL | ||
| 005 | 20240127062956.0 | ||
| 007 | t| | ||
| 008 | 021202s1836 fr ||||1| ita d | ||
| 100 | 0 |
_aDante Alighieri, _d1265-1321 _942657 |
|
| 245 | 1 | 0 |
_aOpere poetiche di Dante Alighieri : _bcon note di diversi. |
| 260 |
_aParigi : _bBaudry, _c1836 ( _fCasimir) |
||
| 300 |
_a2 v. : _b1 retr. ; _c20 cm. |
||
| 490 | 1 |
_aCollezione de migliori autori italiani antichi e moderni ; _v4-5 |
|
| 505 | 8 | _aContiene: I. La vita di Dante, scritta da G. Tiraboschi . Le poesie lyriche di Dante: Rime della vita nuova ; Rime del convito ; Rime diverse ; La divina commedia: Inferno - II. La divina commedia: Purgatorio ; Paradiso | |
| 830 | 1 |
_aCollezione de' miglori autori italiani antichi e moderni _v4-5 _9221518 |
|
| 852 |
_aES-MaACL _jG-9140-41 |
||
| 999 |
_c22286 _d22286 |
||